00591nam a22001817a 450000500170000001000150001702000110003203500130004303700130005608200100006910000360007924500550011526000430017030000300021394200240024399900170026795201250028420100821101941.0 aENG-101139 c150.00 aEN-84672 bDBAD/PUB a523.1 aChakraborty, Ashit Kumar916905 aAs i see and realize /cby Ashit Kumar Chakraborty aKolkatabAshit Kumar Chakrabortyc2009 a120 p. :b24cm (Pbk)cill 2ddccENh523.1mCHA c42795d42795 001040718NFICaDBADbDBADd2010-08-21g150.00l0o523.1 CHApEN-84672r2010-08-21 00:00:00t1v150.00w2010-08-21yEN